00434nam a2200181Ia 4500003000400000005001700004008004100021020001800062040000700080041000800087082001500095100001500110245004500125260004000170300000900210650001700219700001600236OSt20250813125222.0250729s2005 xx 000 0 und d a9788183240123 cAL aeng a370.3 SHAE aSharma S K aEncyclopedia of higher education Vol - V aNew DelhibMittal Publicationc2005 a558p aEncyclopedia aSharma Usha